000 00310 a2200121 4500
000 nam a22 7a 4500
005 20260302153309.0
020 _a9788177021059
100 _aBhagwatilal Rajpurohit
_91123501
245 _aYuktikalpatru of SriBhojraja
260 _bPratibha Prakashan
_c2023
942 _cTEXL
999 _c1688411
_d1688411